Los 4 mejores países en los Olímpicos de Verano - Estadísticas

Estadísticas generales
  • Esta prueba ha sido intentada 91 veces
  • La puntuación promedio es 16 de 20
Estadísticas de respuestas
País % Correcto
China
100%
Estados Unidos
100%
Francia
99%
Alemania
97%
Alemania Occidental
97%
Japón
96%
Australia
92%
Italia
91%
Rusia
91%
Canadá
87%
Gran Bretaña
87%
Suecia
77%
Unión Soviética
75%
Grecia
69%
Bélgica
59%
Rumania
59%
Hungría
52%
Finlandia
45%
Bulgaria
44%
Alemania Oriental
36%
No se encontraron pruebas coincidentes
Distribución de puntuación
Porcentaje de gente con cada puntuación
Porcentaje por número respondido
Historial de tus puntuaciones
No has intentado esta prueba.